| 000 | 00660nam a2200229 a 4500 | ||
|---|---|---|---|
| 001 | 13602 | ||
| 003 | BD-JhCC | ||
| 005 | 20240303075259.0 | ||
| 008 | 171128s2024 bg |||| ||a| 000 0 ben d | ||
| 020 | _a9789845028837 | ||
| 035 | _a(BD-JhCC)13602 | ||
| 040 |
_aBD-JhCC _dBD-JhCC |
||
| 041 | _abengali | ||
| 082 |
_a891.443 _bHOS 2024 |
||
| 100 | _aহোসেন ,মনোয়ার | ||
| 245 |
_aচক্রব্যূহ / _cমনোয়ার হোসেন । |
||
| 260 |
_aঢাকা : _bকাকলী প্রকাশনী, _c2019. |
||
| 300 |
_a199 p. : _c22 cm. |
||
| 650 | _aBengali Novel | ||
| 942 |
_2ddc _cBK |
||
| 999 |
_c13602 _d13602 |
||